Dynamics of complex systems (Record no. 7874)

000 -LEADER
fixed length control field 00531 a2200181 4500
020 ## - INTERNATIONAL STANDARD BOOK NUMBER
International Standard Book Number 0813341213
040 ## - CATALOGING SOURCE
Original cataloging agency DLC
Language of cataloging DLC
082 00 - DEWEY DECIMAL CLASSIFICATION NUMBER
Classification number 570.151
100 1# - MAIN ENTRY--PERSONAL NAME
Personal name Bar-Yam, Yaneer.
245 10 - TITLE STATEMENT
Title Dynamics of complex systems
Statement of responsibility, etc. Yaneer Bar-Yam.
260 ## - PUBLICATION, DISTRIBUTION, ETC.
Place of publication, distribution, etc. Boulder, CO :
Name of publisher, distributor, etc. Westview Press,
Date of publication, distribution, etc. 2003.
300 ## - PHYSICAL DESCRIPTION
Extent xvi, 848 p.;
Dimensions 23 cm.
440 #0 - SERIES STATEMENT/ADDED ENTRY--TITLE
Title Studies in nonlinearity
500 ## - GENERAL NOTE
General note Originally published: Reading, Mass. : Addison-Wesley, 1977.
650 #0 - SUBJECT ADDED ENTRY--TOPICAL TERM
Topical term or geographic name entry element Biomathematics.
650 #0 - SUBJECT ADDED ENTRY--TOPICAL TERM
Topical term or geographic name entry element System theory.
942 ## - ADDED ENTRY ELEMENTS (KOHA)
Koha item type Book
Call number prefix 570.151 BAR
Source of classification or shelving scheme
Holdings
Withdrawn status Lost status Damaged status Not for loan Collection code Permanent Location Current Location Shelving location Date acquired Source of acquisition Cost, normal purchase price Total Checkouts Total Renewals Full call number Barcode Date last seen Date last checked out Price effective from Koha item type
          Central Library (CL) Central Library (CL) General Stacks 05/16/2005 Academic Book Company 3502.62 1 4 570.151 BAR SEECS005681 02/24/2024 06/24/2023 01/05/2017 Book
© 2023 Central Library, National University of Sciences and Technology. All Rights Reserved.